| 000 | 00550nam a22001937a 4500 | ||
|---|---|---|---|
| 005 | 20241028113432.0 | ||
| 010 | _aENG-142468 | ||
| 020 |
_c1170.00 _a9788192289700 |
||
| 035 | _aEN-126000 | ||
| 037 | _bDBAD/PUB | ||
| 082 | _aN | ||
| 100 |
_aPareek, S.R. _973536 |
||
| 245 |
_aDefamed President _cby S.R. pareek |
||
| 250 | _a1 | ||
| 260 |
_aRajasthan _bParth Saarthi Publications _c2012 |
||
| 270 |
_bRajasthan _mossrp@yahoo.in _aA1344/18 Chithwadi Ka Baag, Gangpole, Jaipur _e302002 |
||
| 300 |
_a164p. _c18cm(pbk) |
||
| 942 |
_2ddc _cEN _hN _mPAR |
||
| 999 |
_c206791 _d206791 |
||